Statistics for Famous People from California by Picture

Click here to take the quiz!

General Stats

  • This quiz has been taken 23,989 times
    (14,421 since last reset)
  • The average score is 13 of 20

Answer Stats

Answer% Correct
Leonardo DiCaprio
97%
Marilyn Monroe
97%
Snoop Dogg
93%
Steve Jobs
93%
Kim Kardashian
90%
Katy Perry
84%
Angelina Jolie
83%
Tom Hanks
80%
Richard Nixon
76%
Tom Brady
70%
Clint Eastwood
65%
Carrie Fisher
62%
Jodie Foster
51%
James Franco
50%
Shirley Temple
50%
Dustin Hoffman
47%
Robert Redford
42%
Joe DiMaggio
36%
George S. Patton
35%
Jerry Garcia
26%

Score Distribution

Percentile by Number Answered

Percent of People with Each Score

Your Score History

You have not taken this quiz since the last reset